|
|
|
|
| LEADER |
00000nam0a2200000 4500 |
| 001 |
125895 |
| 005 |
20231101215948.0 |
| 010 |
|
|
|a 5940743420
|
| 035 |
|
|
|a (RuTPU)RU\TPU\book\136211
|
| 090 |
|
|
|a 125895
|
| 100 |
|
|
|a 20071121d2007 km y0rusy50 ca
|
| 101 |
0 |
|
|a rus
|
| 102 |
|
|
|a RU
|
| 105 |
|
|
|a a z 001zy
|
| 200 |
1 |
|
|a Цифровая обработка сигналов в LabVIEW
|f В. П. Федосов, А. К. Нестеренко
|g под ред. В. П. Федосова
|
| 210 |
|
|
|a Москва
|c ДМК Пресс
|d 2007
|
| 215 |
|
|
|a 468 с.
|c ил.
|
| 320 |
|
|
|a Список литературы: с. 454-455.
|
| 320 |
|
|
|a Предметный указатель: с. 456-468.
|
| 330 |
|
|
|a Книга содержит материалы для освоения программно-аппаратных средств National Instruments по спектральному анализу, применению окон сглаживания, узлов цифровых систем связи, синтезу и анализу цифровых фильтров, программированию и тестированию сигнальных процессоров, программированию ПЛИС, виброакустическому анализу, проектированию цифровых фильтров, сопряжению LabVIEW с другими программными средствами для цифровой обработки сигналов. Издание предназначено для студентов, магистрантов, аспирантов, а также специалистов, уже изучивших начальный курс LabVIEW, и желающих научиться применять данную среду проектирования в области обработки сигналов.
|
| 606 |
1 |
|
|a Сигналы
|x Цифровая обработка
|2 stltpush
|3 (RuTPU)RU\TPU\subj\67734
|9 83426
|
| 610 |
1 |
|
|a цифровая связь
|
| 610 |
1 |
|
|a LabVIEW
|
| 610 |
1 |
|
|a цифровая фильтрация
|
| 610 |
1 |
|
|a спектральный анализ
|
| 610 |
1 |
|
|a сигнальные процессоры
|
| 610 |
1 |
|
|a программирование
|
| 610 |
1 |
|
|a ПЛИС
|
| 610 |
1 |
|
|a программирование
|
| 675 |
|
|
|a 621.372.037
|v 3
|
| 675 |
|
|
|a 681.3.06
|v 3
|
| 700 |
|
1 |
|a Федосов
|b В. П.
|g Валентин Петрович
|
| 701 |
|
1 |
|a Нестеренко
|b А. К.
|g Андрей Константинович
|
| 702 |
|
1 |
|a Федосов
|b В. П.
|g Валентин Петрович
|4 340
|
| 801 |
|
1 |
|a RU
|b 63413507
|c 20071121
|g PSBO
|
| 801 |
|
2 |
|a RU
|b 63413507
|c 20130405
|g PSBO
|
| 900 |
|
|
|a Методы и средства цифровой обработки сигналов
|
| 900 |
|
|
|a Цифровая обработка сигналов
|
| 942 |
|
|
|c BK
|
| 959 |
|
|
|a 82/20071121
|d 1
|e 0
|f ЭЧЗ:1
|